| 000 | 01426nam a22003857a 4500 | ||
|---|---|---|---|
| 003 | CHAP | ||
| 005 | 20220817044444.0 | ||
| 008 | 110608s1975 mx r 00010 spa d | ||
| 010 | _a101443 | ||
| 011 | _a102415 | ||
| 020 | _a8437500346 | ||
| 035 | _a113103 | ||
| 040 | _cCHAP | ||
| 082 | 0 | 4 |
_a972.04 _bC82 |
| 100 | 0 | 0 |
_aCosteloe, Michael P. _928509 |
| 245 | 1 | 3 |
_aLa primera república federal de México (1824 - 1835) : _bun estudio de los partidos políticos en el México independiente _c/por Michael P. Costeloe |
| 260 |
_aMéxico : _bFCE, _c1975 |
||
| 300 |
_a492 p. : _bilus. |
||
| 490 | _aSección de obras de historia | ||
| 534 |
_pTít. original : _tParties and politics in independent Mexico. A study of the first Federal Republic 1824-1835. |
||
| 590 |
_aBATCH-UPD _b10 _c20130110 _lUCH01 _h0902 |
||
| 590 |
_aBATCH-UPD _b10 _c20130410 _lUCH01 _h0531 |
||
| 590 |
_aBATCH-UPD _b10 _c20130914 _lUCH01 _h1036 |
||
| 590 |
_aBATCH-UPD _b10 _c20161124 _lUCH01 _h1714 |
||
| 590 |
_aCONVERSION _b10 _c20130109 _lUCH01 _h1356 |
||
| 650 | 1 | 4 |
_aConstitución. _927372 |
| 650 | 1 | 4 |
_aMéxico _xConstitución. _976735 |
| 650 | 1 | 4 |
_aMéxico _xHistoria constitucional. _976773 |
| 650 | 1 | 4 |
_aMéxico _xHistoria. |
| 651 | 4 |
_aMéxico _xPolítica y gobierno. _976783 |
|
| 830 | 0 |
_aSección de obras de historia _9103507 |
|
| 901 | _aBK | ||
| 942 | _cLIBRO | ||
| 949 |
_a972.04 C82 _bBC _cLIBRO _d33724002242587 _eLIBRO _h115156 _i113103 _sb |
||
| 999 |
_c101443 _d101443 |
||